000 04490nam a22003134i 4500
003 PE-LiUPU
005 20260218082736.0
008 130816s2013 ag a b 001 0 spa d
020 _a9789871378296
035 _aPE-LiUPU000018
040 _aPE-LiUPU
_bspa
_cPE-LiUPU
_erda
082 0 4 _a254.5
_bR687c
_223
100 1 _aRode, Daniel Julio,
_eautor.
_98064
245 1 0 _aCómo surgen las nuevas iglesias :
_balgunos aportes y experiencias latinoamericanas /
_cDaniel Julio Rode.
250 _aPrimera edición.
264 1 _aLibertador San Martín, Entre Ríos :
_bEditorial Universidad Adventista del Plata,
_c2013.
300 _a170 páginas ;
_c23 cm
336 _atext
_2rdacontent
337 _aunmediated
_2rdamedia
338 _avolume
_2rdacarrier
504 _aIncluye referencias bibliográficas.
505 0 _aEl interés en el tema -- Toma de conciencia de que la misión es misión divina con colaboración humana -- Toma de conciencia de la necesidad del establecimiento de nuevas iglesias -- Plan general del libro -- Razones para establecer iglesias -- Es un mandato bíblico -- Es clave para el crecimiento denominacional -- Las iglesias nuevas y pequeñas son más vitales y crecen más -- La fundación de iglesias dinamiza a otras iglesias -- Se necesitan diferentes tipos de crecimiento para la evangelización mundial -- El “imperativo demográfico” exige nuevas iglesias -- Es el consejo de Elena G. de White -- Fundar iglesias en todas partes es responsabilidad de todos -- Suscitar y organizar nuevas iglesias -- La mano de Dios en la fundación de nuevas iglesias -- Algunos ejemplos de cómo se iniciaron las iglesias cristianas en Latinoamérica -- En el tiempo de la Colonia (1555-1800) -- En la época de la independencia y el liberalismo político (1804-a fines del siglo XIX) -- Las iglesias criollas -- El proyecto educativo -- Cambio de mentalidad (Siglo XX) -- Las Comunidades Eclesiales de Base -- La religiosidad popular y la pobreza favorecen la fundación de iglesias -- Pautas y resumen para la fundación de iglesias -- Algunos ejemplos bíblicos de comunidades religiosas pequeñas -- La base para “crecer y multiplicarse” en el Antiguo Testamento -- La familia de Abraham fue la base de la bendición a todos los clanes -- Faraón ataca la base del crecimiento de Israel en Egipto -- La pequeña comunidad fue la base para sobrevivir en el desierto -- La familia fue la base para que Israel se multiplicara en Babilonia -- La base para “crecer y multiplicarse” en el Nuevo Testamento -- Las iglesias familiares -- La iglesia de Corinto -- La iglesia de Roma -- “La iglesia que está en tu casa” -- Algunos ejemplos de comunidades religiosas pequeñas en la historia cristiana adventista -- Algunos ejemplos de la historia en la iglesia cristiana y también cristiana adventista -- Las iglesias familiares, base para el crecimiento eclesial del siglo XXI -- Dificultades en el establecimiento de iglesias -- Las tres objeciones más comunes para establecer iglesias -- Daña la iglesia madre -- Abrir iglesias cuesta mucho -- Va contra la unidad -- Obstáculos para establecer iglesias -- Establecer iglesias en nuevos municipios de ciudades claves con equipos de jóvenes -- Nueve formas de establecer iglesias a partir de una iglesia madre -- Por desprendimiento de un grupo de miembros -- Hijas por accidente, no planeadas -- Por colonización o traslado de familias -- Por adopción -- Modelo satélite -- Iglesias con múltiples sitios -- Modelo de diversidad de ministerios -- Por medio de grupos pequeños -- Modelo centro de predicación o filial de escuela bíblica -- Once formas de establecer iglesias a partir de agencias misioneras o asociaciones de iglesias -- Modelo de equipos misioneros -- Fundador de iglesias “catalizador” o “espigador” -- Pastor o líder fundador -- Modelo pionero: operativo “rastrillo” con estudios bíblicos -- Aventura cooperativa -- Modelo de revitalización -- Modelo trasplante -- Modelo de metamorfosis -- Modelo de escuelas -- Modelo de migraciones -- Modelo de colportaje -- Las nuevas tecnologías de comunicación potencian el establecimiento de iglesias.
650 1 4 _aPlantación de iglesias.
650 2 4 _aIglesia Adventista del Séptimo Día
_xHistoria.
650 2 4 _aMisionología.
710 2 _aEditorial Universidad Adventista del Plata,
_eeditor.
942 _2ddc
_cBK
980 _618228
_aRebeca Esther Huerta Leyton
_818226
_gJaime Vilcazán Jefe de Análisis Documental
999 _c63289
_d63288